जन अरण्य (Record no. 50872)

MARC details
000 -LEADER
fixed length control field 00547nam a2200193Ia 4500
008 - FIXED-LENGTH DATA ELEMENTS--GENERAL INFORMATION
fixed length control field 090123s9999 xx 000 0 und d
082 ## - DEWEY DECIMAL CLASSIFICATION NUMBER
Item number 12809
Classification number 891.463/शहाणे
100 ## - MAIN ENTRY--PERSONAL NAME
Personal name शंकरलाल
245 ## - TITLE STATEMENT
Title जन अरण्य
250 ## - EDITION STATEMENT
Edition statement 1
260 ## - PUBLICATION, DISTRIBUTION, ETC. (IMPRINT)
Name of publisher, distributor, etc अमेय प्रकाशन
Date of publication, distribution, etc 1977
300 ## - PHYSICAL DESCRIPTION
Extent 226
600 ## - SUBJECT ADDED ENTRY--PERSONAL NAME
Personal name शंकरलाल
630 ## - SUBJECT ADDED ENTRY--UNIFORM TITLE
Uniform title जन अरण्य
700 ## - ADDED ENTRY--PERSONAL NAME
Personal name शंकरलाल
700 ## - ADDED ENTRY--PERSONAL NAME
Personal name शहाणे अशोक
730 ## - ADDED ENTRY--UNIFORM TITLE
Uniform title जन अरण्य
942 ## - ADDED ENTRY ELEMENTS (KOHA)
Koha item type Book
Holdings
Withdrawn status Lost status Damaged status Not for loan Home library Current library Date acquired Cost, normal purchase price Total Checkouts Full call number Barcode Date last seen Cost, replacement price Price effective from Koha item type
        Jawahar Wachalanalaya, Kalwa Jawahar Wachalanalaya, Kalwa 03/31/2004 25.00   12809 KLW-12809 01/23/2009 25.00 01/23/2009 Book